000 00522nam a22001697a 4500
005 20260223153845.0
008 260223b |||||||| |||| 00| 0 eng d
020 _a978-1-4684-8588-2
100 _aPARSLOW, R.D.
245 _aCOMPUTER GRAPHICS: TECHNIQUES AND APPLICATIONS
260 _aNEW YORK
_bPLENUM PUBLISHING CORPORATION
300 _aXVI, 233P.
500 _aINCLUDES BIBLIOGRAPHICAL REFERENCES AND INDEX
650 _aCOMPUTER GRAPHICS
700 _aI. PROWSE, R.D. II. GREEN, R. ELLIOT
942 _2lcc
_cBK
999 _c216595
_d216595